01338nam a2200241 450000500170000000800410001702000150005805000210007310000350009424500480012926000320017730000510020933600100026033700140027033800120028450400420029650505600033851900440089865000210094294200070096395201070097099900190107720231102151937.0160608s2000 mx ao 000 0 spa d a968183819X aHV8073bM66 200014aMontiel Sosa, Juventinoeautor aCriminalísticac / Juventino Montiel Sosa aMéxicob : Limusac, 2000 a237 páginasb : ilustraciones, fotografías atexto asin medio avolumen aIncluye: bibliografía (pp. 235-236) aEl método científico y la criminalística Relación científica de la criminalística general El cronotanatodiagnóstico Conceptos metodológicos para la investigación de muertes violentas producidas por arma blanca y otros instrumentos Metodología para la investigación criminalística de muertes violentas por ahorcamiento Metodología para la investigación criminalística de muertes violentas por estrangulación Conceptos metodológicos para la investigación criminalística de muertes violentas por sofocación Dactoscopia aMaterial Complementario / d(03 000622)14aCRIMINALÍSTICA cLB 00102lcc3v.24070a03b03d2016-06-08l0oHV8073 M66 2000p03 000622r2016-06-08t1w2016-06-08yLB c100021d100021